000 00713nam a2200181Ii 4500
003 JO-AjNU
008 230605s9999||||xx |||||||||||||| ||und||
040 _aJO-AjNU
_bara
_erda
_cJO-AjNU
041 _aara
050 1 4 _aP77.I55
100 3 _aمونان,جورج تأليف/ غزاوي,نجيب مترجم,
_eauthor
_99492
245 0 0 _aعلم اللغة في القرن العشرين
264 3 1 _aسوريا:الجمهورية العربية السورية, وزارة التعليم العالي
336 _atext
_btxt
_2rdacontent
337 _aunmediated
_bn
_2rdamedia
338 _avolume
_bnc
_2rdacarrier
650 4 _aاللغة-علم اللغة-علم اللغة في القرن العشرين
_99493
999 _aA1329
_c4897
_d4897